Central Library OPAC University of Rajshahi

A sentimental journey / (Record no. 20709)

MARC details
000 -LEADER
fixed length control field 01097cam a22003491a 4500
001 - CONTROL NUMBER
control field 20709
003 - CONTROL NUMBER IDENTIFIER
rucl marc code BD-RjUL
005 - DATE AND TIME OF LATEST TRANSACTION
control field 20211209000611.0
008 - FIXED-LENGTH DATA ELEMENTS--GENERAL INFORMATION
fixed length control field 140302r19661960enka b 000 1 eng
035 ## - SYSTEM CONTROL NUMBER
System control number (BD-RjUL)20771
System control number (OCoLC)8075364
040 ## - CATALOGING SOURCE
Original cataloging agency DLC
Transcribing agency IaDaMC
Modifying agency IaDaMC
-- DLC
-- BD-RjUL
Language of cataloging eng
041 ## - LANGUAGE CODE
Language code of text/sound track or separate title eng
082 00 - DEWEY DECIMAL CLASSIFICATION NUMBER
Classification number 823
Author mark and year STS 1966
100 1# - MAIN ENTRY--PERSONAL NAME
Personal name Sterne, Laurence,
Dates associated with a name 1713-1768.
9 (RLIN) 63926
245 12 - TITLE STATEMENT
Title A sentimental journey /
Statement of responsibility, etc. by Laurence Sterne.
260 ## - PUBLICATION, DISTRIBUTION, ETC. (IMPRINT)
Place of publication, distribution, etc. London :
Name of publisher, distributor, etc. Simpkin Marshall,
Date of publication, distribution, etc. c960 [Reprinted 1966]
300 ## - PHYSICAL DESCRIPTION
Pagination xxi, 225 p. :
Illustrations ill. ;
Size 18 cm.
490 0# - SERIES STATEMENT
Series statement The Abbey classics ;
Volume/sequential designation 4
504 ## - BIBLIOGRAPHY, ETC. NOTE
Bibliography, etc Bibliography: p. vi.
650 #0 - SUBJECT ADDED ENTRY--TOPICAL TERM
Topical term or geographic name as entry element British
Geographic subdivision France
Form subdivision Fiction.
9 (RLIN) 63927
Topical term or geographic name as entry element British
Geographic subdivision Italy
Form subdivision Fiction.
9 (RLIN) 63928
Topical term or geographic name as entry element Travelers
Form subdivision Fiction.
9 (RLIN) 63929
Topical term or geographic name as entry element Clergy
Form subdivision Fiction.
9 (RLIN) 63930
651 #0 - SUBJECT ADDED ENTRY--GEOGRAPHIC NAME
Geographic name France
Form subdivision Fiction.
9 (RLIN) 57267
Geographic name Italy
Form subdivision Fiction.
9 (RLIN) 61627
942 ## - ADDED ENTRY ELEMENTS (KOHA)
Source of classification or shelving scheme Dewey Decimal Classification
Koha item type Books
Holdings
Lost status Source of classification or shelving scheme Damaged status Not for loan Collection code Permanent Location Current Location Shelving location Date acquired Source of acquisition Cost, normal purchase price Total Checkouts Full call number Date last seen Copy number Koha item type
  Dewey Decimal Classification     Fiction Central Library, University of Rajshahi Central Library, University of Rajshahi   26/10/1968 Zeitlinger 55.00   823 STS 1966 02/03/2014 C-2 Books